Juegos para escolares /
Estudio de los juegos más populares entre los niños de diferente edad. En este estudio la autora revisó el registro llevado en un período de 10 años de los juegos elegidos con más frecuencia por los niños de primaria.
Guardado en:
| Hovedforfatter: | |
|---|---|
| Format: | Bog |
| Sprog: | spansk |
| Udgivet: |
México :
Pax,
1984
|
| Udgivelse: | 10a edición |
| Fag: | |
| Tags: |
Ingen Tags, Vær først til at tagge denne postø!
|
MARC
| LEADER | 00000nam^a2200000^a^4500 | ||
|---|---|---|---|
| 001 | 000022191 | ||
| 005 | 20250521000000.0 | ||
| 009 | 20260310084445.969 | ||
| 020 | |a 968-45-0043-2 | ||
| 037 | |a Acervo ITESO - Biblioteca | ||
| 041 | |a ESP | ||
| 082 | |a 790. 1 |b GIL | ||
| 100 | |a Gilb, Stella S. |e (autor) | ||
| 245 | 1 | 0 | |a Juegos para escolares / |c S.S. Gilb. |
| 250 | |a 10a edición | ||
| 264 | 1 | |a México : |b Pax, |c 1984 | |
| 300 | |a 143 p. | ||
| 336 | |a texto |b txt |2 rdacontenido | ||
| 337 | |a sin mediación |b n |2 rdamedio | ||
| 338 | |a volumen |b nc |2 rdasoporte | ||
| 520 | |a Estudio de los juegos más populares entre los niños de diferente edad. En este estudio la autora revisó el registro llevado en un período de 10 años de los juegos elegidos con más frecuencia por los niños de primaria. | ||
| 649 | |a XX | ||
| 650 | |a Juegos - |x Tema Principal | ||
| 650 | |a Educación Primaria | ||
| 910 | |a Fondo General | ||
| 920 | |a Impresos - Libros | ||
| 930 | |a Colección General | ||
| 905 | |a 101 | ||
| 901 | |a 0221910100 |b IT1 |c ACC |i 022191 |u 20250521 | ||
| 902 | |a https://opac.biblio.iteso.mx/vufind/Record/000022191 | ||